00487nam a2200193 a 4500001001300000003000900013005001700022008004100039020001000080082001600090100002300106245002500129260004100154300000800195500003500203505001000238650002200248700002300270nice12345678IN_TiNIC20260116011554.0050524s1906 lona grp 000 0 eng  ac10000a297.63bKID aKidwai, Shaikh M H aMiracles of Muhammad aLondonbLuzac and Company Ltd.c1906 a59p aincludes index and biblioraphy2 aIndex aMuhammad, Prophet1 aKidwai, Shaikh M H